Catálogo

Diego Rivera : (Registro nro. 42080)

Detalles MARC
000 -LEADER
fixed length control field 01499cam a2200397 i 4500
001 - CONTROL NUMBER
control field 42080
003 - CONTROL NUMBER IDENTIFIER
control field Mx-PuUPA
005 - DATE AND TIME OF LATEST TRANSACTION
control field 20240410103821.0
008 - FIXED-LENGTH DATA ELEMENTS--GENERAL INFORMATION
fixed length control field 140415s2015 mx a gr 000 0bspa d
020 ## - INTERNATIONAL STANDARD BOOK NUMBER
International Standard Book Number 9786076183212
040 ## - CATALOGING SOURCE
Transcribing agency Mx-PuUPA
Original cataloging agency Mx-PuUPA
Language of cataloging spa
Modifying agency Mx-PuUPA
Description conventions rda
041 1# - LANGUAGE CODE
Language code of text/sound track or separate title spa
Language code of original eng
100 1# - MAIN ENTRY--PERSONAL NAME
Personal name Souter, Gerry,
Dates associated with a name 1940-2022
9 (RLIN) 15031
Relator term autor
240 10 - UNIFORM TITLE
Uniform title Diego Rivera : his art and his passions.
Language of a work Español
245 10 - TITLE STATEMENT
Title Diego Rivera :
Remainder of title su arte y sus pasiones /
Statement of responsibility, etc. Gerry Souter ; traductor, Millán González Díaz
264 #1 - PRODUCTION, PUBLICATION, DISTRIBUTION, MANUFACTURE, AND COPYRIGHT NOTICE
Place of production, publication, distribution, manufacture Naucalpan, Estado de México :
Name of producer, publisher, distributor, manufacturer Numen,
Date of production, publication, distribution, manufacture, or copyright notice ©2015
300 ## - PHYSICAL DESCRIPTION
Extent 255 páginas :
Other physical details ilustraciones, fotografías ;
Dimensions 32 cm
336 ## - CONTENT TYPE
Fuente rdacontent
Content type term texto
Content type code txt
336 ## - CONTENT TYPE
Fuente rdacontent
Content type term imagen fija
Content type code sti
337 ## - MEDIA TYPE
Source rdamedia
Media type term sin medio
Media type code n
338 ## - CARRIER TYPE
Source rdacarrier
Carrier type term volumen
Carrier type code nc
502 ## - DISSERTATION NOTE
Dissertation note
600 #4 - SUBJECT ADDED ENTRY--PERSONAL NAME
Personal name Rivera, Diego,
Dates associated with a name 1886-1957
600 #4 - SUBJECT ADDED ENTRY--PERSONAL NAME
Personal name Rivera, Diego,
Dates associated with a name 1886-1957,
General subdivision Crítica e interpretación
600 #4 - SUBJECT ADDED ENTRY--PERSONAL NAME
Personal name Rivera, Diego,
Dates associated with a name 1886-1957,
General subdivision Obras pictóricas
650 #7 - SUBJECT ADDED ENTRY--TOPICAL TERM
Source of heading or term armarc
Topical term or geographic name entry element Pintores
Geographic subdivision México
Chronological subdivision Siglo XX
General subdivision Biografía
650 #7 - SUBJECT ADDED ENTRY--TOPICAL TERM
Source of heading or term armarc
Topical term or geographic name entry element Pintura mexicana
Chronological subdivision Siglo XX
700 1# - ADDED ENTRY--PERSONAL NAME
Personal name González Díaz, Millán,
Relator term traductor
765 0# - ORIGINAL LANGUAGE ENTRY
Main entry heading Souter, Gerry, 1940-2022,
Title Diego Rivera : his art and his passions.
942 ## - ADDED ENTRY ELEMENTS (KOHA)
Source of classification or shelving scheme Dewey Decimal Classification
Koha item type Libro
Classification part 759.972
Item part R616
Suppress in OPAC
260 ## - PUBLICATION, DISTRIBUTION, ETC.
Place of publication, distribution, etc.
Name of publisher, distributor, etc.
Date of publication, distribution, etc.
Existencias
Withdrawn status Lost status Source of classification or shelving scheme Damaged status Not for loan Collection code Home library Current library Shelving location Date acquired Source of acquisition Total Checkouts Full call number Barcode Date last seen Price effective from Koha item type
    Dewey Decimal Classification     Referencia Biblioteca Karol Wojtyla Biblioteca Karol Wojtyla Área de silencio 03/12/2013 Donación   759.972 R616 2015 63387 05/01/2026 03/12/2013 Folio